Metrados en edificaciones especialidad instalaciones sanitarias / (Registro nro. 9858)
[ vista simple ]
| 000 -LEADER | |
|---|---|
| Campo de control de longitud fija | 01142nam a22002897a 4500 |
| 003 - IDENTIFICADOR DEL NÚMERO DE CONTROL | |
| Campo de control | PE SENCICO BE |
| 005 - FECHA Y HORA DE LA ÚLTIMA TRANSACCIÓN | |
| Campo de control | 20260310215154.0 |
| 008 - ELEMENTOS DE LONGITUD FIJA - INFORMACIÓN GENERAL | |
| Campo de control de longitud fija | 260310b |||||||| |||| 00| 0 eng d |
| 017 ## - NÚMERO DEL REGISTRO DE DERECHOS DE AUTOR O DEL DEPÓSITO LEGAL | |
| Fuente | 2010-00130 |
| 040 ## - FUENTE DE CATALOGACIÓN | |
| Origen de catalogación | PE SENCICO BE |
| Agencia que realiza la transcripción | PE SENCICO BE |
| 041 ## - CÓDIGO DE IDIOMA | |
| Idioma del texto | spa |
| 082 ## - NÚMERO DE CLASIFICACIÓN DECIMAL DEWEY | |
| Código de Clasificación Dewey | 692.5 |
| Notación Interna | V32E |
| 100 ## - ASIENTO PRINCIPAL--NOMBRE PERSONAL | |
| Autor Personal | Vasquez Bustamante, Oscar |
| 9 (RLIN) | 583 |
| Término relacionado | autor |
| 245 ## - MENCIÓN DEL TITULO | |
| Título | Metrados en edificaciones especialidad instalaciones sanitarias / |
| Mención de responsabilidad | Oscar Vasquez Bustamante, diseño de carátula: Galvani Fernández Espinoza |
| 250 ## - MENCIÓN DE EDICIÓN | |
| Edición | 1a ed. |
| 260 ## - PUBLICACIÓN, DISTRIBUCIÓN, ETC. (PIE DE IMPRENTA) | |
| Lugar de publicación, distribución, etc. | Lima : |
| Nombre de la Editorial, Distribuidor, etc. | Biblioteca Nacional del Perú ; |
| Fecha de publicación, distribución, etc. | 2010 |
| 300 ## - DESCRIPCIÓN FÍSICA | |
| Paginación | 155 páginas : |
| Otros detalles físicos | diagramas ; |
| Dimensión | 29 cm. |
| 504 ## - NOTA DE BIBLIOGRAFÍA, ETC. | |
| Bibliografía (rango de páginas) | Bibliografía: p.[155] |
| 505 0# - NOTA DE CONTENIDO CON FORMATO PREESTABLECIDOE | |
| Contenido o índice | Sistema de desagüe y ventilación -- Sistema de agua fría y contra incendio -- Sistema de agua caliente |
| 520 3# - NOTA DE RESUMEN, ETC. | |
| Resumen, etc. | Visualiza ejercicios de metrados de tuberías y accesorios para pedido de materiales de obras |
| 650 10 - ASIENTO SECUNDARIO DE MATERIA - TERMINO TEMÁTICO | |
| Término de tema o elemento de entrada de nombre geográfico | Metrados |
| 9 (RLIN) | 584 |
| 650 20 - ASIENTO SECUNDARIO DE MATERIA - TERMINO TEMÁTICO | |
| Término de tema o elemento de entrada de nombre geográfico | Edificaciones |
| 9 (RLIN) | 333 |
| 650 20 - ASIENTO SECUNDARIO DE MATERIA - TERMINO TEMÁTICO | |
| Término de tema o elemento de entrada de nombre geográfico | Presupuestos de obra |
| 9 (RLIN) | 369 |
| 700 ## - ASIENTO SECUNDARIO--NOMBRE PERSONAL | |
| Autor Personal | Fernandez Espinoza, Galvani |
| 9 (RLIN) | 588 |
| Término de relación | diseño de carátula |
| 910 ## - RESPONSABLE DEL REGISTRO | |
| Coordinador de procesamiento de la información | hfp |
| 942 ## - ELEMENTOS DE KOHA | |
| Fuente de clasificación o esquema de estanterías | Dewey Decimal Classification |
| Tipo de documento | Libros |
| 999 ## - | |
| -- | 9858 |
| -- | 9858 |
| Estado Retiro | Estado Perdido | Sistema de Clasificación o Esquema de Estantería | Estado Dañado | No es para préstamo | Ubicación Permanente | Ubicación Actual | Fecha de adquisición | Total Checkouts | Signatura topográfica completa | Código de Barras | Date last seen | Precio efectivo desde | Tipo de ítem |
|---|---|---|---|---|---|---|---|---|---|---|---|---|---|
| Dewey Decimal Classification | Biblioteca Piura | Biblioteca Piura | 10/03/2026 | 692.5/V32E | BibZpiur26032651 | 10/03/2026 | 10/03/2026 | Libros | |||||
| Dewey Decimal Classification | Biblioteca Piura | Biblioteca Piura | 10/03/2026 | 692.5/V32E/ej. 2 | BibZpiur26032652 | 10/03/2026 | 10/03/2026 | Libros |